000 00609nam a2200205Ii 4500
003 JO-AjNU
008 230605s9999||||xx |||||||||||||| ||und||
017 _a2005/7/1586
040 _aJO-AjNU
_bara
_erda
_cJO-AjNU
041 _aara
050 1 4 _aQC21.1.A2897 2006
100 3 _aابو زينة ، عواد,
_eauthor
_917794
245 0 0 _aالفيزياء المسلية
264 3 1 _aعمان:دار عالم الثقافة، 2006
300 _a170ص
336 _atext
_btxt
_2rdacontent
337 _aunmediated
_bn
_2rdamedia
338 _avolume
_bnc
_2rdacarrier
650 4 _aالفيزياء
_917795
999 _aA5572
_c9140
_d9140